000
00249nam a22001217a 4500
003
SGT
082
_a
823
_b
MEA
100
_a
MEAD RICHELLE
245
_a
THE FIERY HEART
260
_a
LONDON
_b
PENGUIN PUB
_c
2013
300
_a
420
942
_2
ddc
_c
BK
999
_c
33763
_d
33763